000 01248nam a22002057a 4500
999 _c59733
_d59733
003 Ge_BSU
005 20230407161425.0
008 230407s1964 ge ||||| |||| 00| 0 geo d
041 _ageo
080 _a903.43(479.22) ჭ-46
100 _aჭილაშვილი, ლევან
_917554
245 _aნაქალაქარი ურბნისი = Городище Урбниси :
_bისტორიულ-არქეოლოგიური გამოკვლევა /
_cლევან ჭილაშვილი; რედ. პ. ზაქარაია; საქ. სსრ მეცნ. აკად., ს. ჯანაშიას სახ. საქ. სახელმ. მუზეუმი.
264 _aთბილისი :
_bსაქ. მეცნ. აკად. გამ-ბა,
_c1964.
300 _a181 გვ. :
_bილ., 22 ფ. ილ. ;
_c26 სმ.
504 _aბიბლიოგრაფია შენიშვნებში.
520 _aრეზუმე რუსულ ენაზე.
653 _aნაქალაქარები საქართველოში
700 _aზაქარაია, პ.
_eრედაქტორი
_9305
942 _2udc
_cBK